00387nam a2200133Ia 4500003000400000008004200004040001600046082001600062100001900078245006400097260006300161300001000224650001900234GCL140319s9999 xx 000 0 aRus d aGCL / cGCL04a892.76bN D1 aNAGUIB MAHFOUZ10aDIALOGADAS 1967-1971 (SPANISH LANGUAGE) / cNAGUIB MAHFOUZ a[S.N] : bTHE AMERICAN UNIVERSITY IN CAIRO PRESS ، c1989 a245 P04aNAGUIB MAHFOUZ